01231 2200373 4500001002100000005001500021035002000036007000300056008004100059020001800100040002200118082001600140084001800156090002200174090002200196100003300218245013900251300002900390500005100419500002900470650002500499700002200524700002200546700003000568850001200598041000800610504003300618264008800651336002100739337003000760338002300790990002200813990002200835INLIS00000000084592420190617121633 a0010-0419000783ta190415p2005 yoi f ind d a979-3969-23-7 aYOPDYOGbinderda04223a297.577 a297.577 HAL p aDEP 297.577 HAL p aCB-D.11 2005-13521 aHalim Soebahar, Abdepenulis10aPoligami, pintu daruratkah? :bdebat di kalangan tokoh agama Islam /cAbd. Halim Soebar, Hamdanah, M. Fadli; editor, Anna Marie Wattie axvi, 90 halaman ;c21 cm aDiterbitkan bekerjasama dengan Ford Foundation aIndeks: halaman [vii]-ix 4aPoligami dalam Islam0 aHamdanahepenulis0 aM. Fadliepenulis aAnna Marie Wattieeeditor aYOPDYOG0 aind aBibliografi: halaman [87]-9034aYogyakarta :bPusat Studi Kependudukan dan kebijakan Universitas Gadjah Mada,c2005 2rdacontentateks 2rdamediaatanpa perantara 2rdacarrieravolume aCB-D.11/2005-1352 aCB-D.11/2005-1352